La profecía (Record no. 163598)

MARC details
000 -LEADER
campo de control de longitud fija 00885nam a22001935i 4500
001 - NÚMERO DE CONTROL
campo de control 163598
003 - IDENTIFICADOR DE NÚMERO DE CONTROL
campo de control ES-MaACL
005 - FECHA Y HORA DE LA ÚLTIMA TRANSACCIÓN
campo de control 20250823063121.0
008 - DATOS DE LONGITUD FIJA--INFORMACIÓN GENERAL
campo de control de longitud fija 020305s1864 sp |||| | spa d
040 ## - FUENTE DE CATALOGACIÓN
Centro catalogador/agencia de origen CAM
Lengua de catalogación spa
Centro/agencia transcriptor CAM
100 1# - ENTRADA PRINCIPAL--NOMBRE DE PERSONA
Nombre de persona Rivera, Luis,
Fechas asociadas al nombre 1826-1872
9 (RLIN) 131869
245 13 - MENCIÓN DEL TÍTULO
Título La profecía
Resto del título : drama histórico, en cuatro actos y en verso /
Mención de responsabilidad, etc. su autor Luis Rivera.
260 ## - PUBLICACIÓN, DISTRIBUCIÓN, ETC.
Lugar de publicación, distribución, etc. Madrid :
Nombre del editor, distribuidor, etc. [s.n.],
Fecha de publicación, distribución, etc. 1864 (
Fabricante Imprenta de F. Martínez García)
300 ## - DESCRIPCIÓN FÍSICA
Extensión 74 p. ;
Dimensiones 19 cm.
500 ## - NOTA GENERAL
Nota general En port.: Estrenado en el teatro de Novedades en octubre de 1864.
596 ## - NOTA AL PIE DE IMPRENTA
NOTA AL PIE DE IMPRENTA En p. 5 consta : "... Francisco Rubio, dueño de la Administración general de obras dramáticas y líricas"
852 ## - LOCALIZACIÓN
Ubicación ES-MaACL
Número de control de estantería F-8586(8)
Nota libre -- Enc. pasta española
-- -- Enc. en un vol. facticio formando parte de la col. facticia "Teatro español moderno", vol. 39
Holdings
Estatus retirado Estado de pérdida Estado de daño No para préstamo Colección Biblioteca de origen Biblioteca actual Ubicación en estantería Fecha de adquisición Total de préstamos Signatura topográfica completa Código de barras Visto por última vez Precio de reemplazo Tipo de ítem Koha
        Libros del s. XIX Biblioteca del Ateneo de Madrid Biblioteca del Ateneo de Madrid Sala Pecera Planta 2 17/01/2008   F-8586(8) 1171437 23/02/2023 23/02/2023 Libro impreso antiguo